Butlletí de l'Institut d'Investigacions Econòmiques
Descripción Física:
5 vols. enquadernats ; Taules, gràf. ; periodicitat: mensual, trimestral (a partir de 1937) ; 28 cm
Materias:
Institut d'Investigacions Econòmiques
; Economia -- Revistes
; Indicadors econòmics -- Catalunya -- Revistes
; Catalunya -- Condicions econòmiques -- S. XX -- Revistes
; Revistes
Idioma:
Catalán
MARC
| LEADER | 00000nas a2200000 a 4500 | ||
|---|---|---|---|
| 001 | 13302, 13303, 13304, 13305, 13306 | ||
| 003 | Arxiu | ||
| 005 | 20260324181510.0 | ||
| 008 | 160829d1932193uspcmr p s cat c | ||
| 040 | |a AGDB | ||
| 245 | 0 | 0 | |a Butlletí de l'Institut d'Investigacions Econòmiques |
| 260 | |a Barcelona : |b Palau de la Generalitat ; |c 1932- [193 - ?] | ||
| 300 | |a 5 vols. enquadernats ; |b Taules, gràf. ; periodicitat: mensual, trimestral (a partir de 1937) ; |c 28 cm | ||
| 310 | |a Mensual; trimestral (a partir de 1937) | ||
| 362 | |a Any 1, núm. 1 (gen. 1932)- | ||
| 590 | |a Descripció basada en: Any 3, núm. 1 (abr. 1934). | ||
| 590 | |a Suspesa el 1935. | ||
| 590 | |a El primer número fou precedit d'un número extraordinari corresponent a des. de 1931. | ||
| 590 | |a A partir de 1936 desapareix el nexe d'unió entre el títol i la menció de responsabilitat. | ||
| 590 | |a Suplements mensuals. | ||
| 590 | |a El núm. 13 de l'any 1933 i el núm. 2 de l'any 1937 provenen de S-445, exp. 10 | ||
| 610 | 2 | 0 | |9 56303 |a Institut d'Investigacions Econòmiques |
| 650 | 0 | |a Economia |v Revistes |9 11548 | |
| 650 | |a Indicadors econòmics |x Catalunya |x Revistes |9 47889 | ||
| 651 | 0 | |a Catalunya |x Condicions econòmiques |y S. XX |v Revistes |9 56403 | |
| 710 | 2 | |9 56303 |a Institut d'Investigacions Econòmiques |e entitat autora | |
| 866 | |a Núm. extraordinari (desembre 1931) | ||
| 866 | |a Any 1, núm. 1 (gener 1932) -- Any 3, núm. 2 (juliol 1934) | ||
| 866 | |a Any 4, núm. 1 (febrer 1936) | ||
| 866 | |a Any 5, núm. 1 (febrer 1937) -- Any 5, núm. 2 (maig 1937) | ||
| 901 | |a Arxiu | ||
| 942 | |n 1 |2 udc |c REV | ||
| 952 | |0 0 |1 0 |2 udc |4 0 |7 1 |9 54179 |a Arxiu |b Arxiu |d 2016-12-01 |h Núm. extraordinari (desembre 1931) ; Any 1, núm. 1 (gener 1932) -- Any 1, núm. 12 (desembre 1932) |o Rev-148 |p 13302 |r 2016-12-01 00:00:00 |w 2016-12-01 |y ARXIU |z Falten les cobertes | ||
| 952 | |0 0 |1 0 |2 udc |4 0 |6 REV149 |7 1 |9 63201 |a Arxiu |b Arxiu |d 2022-07-26 |h Any 2, núm. 13 (gener 1933) -- Any 2, núm. 24 (desembre 1933) |l 0 |o Rev-149 |p 13303 |r 2022-07-26 00:00:00 |w 2022-07-26 |y ARXIU |z Falten les cobertes | ||
| 952 | |0 0 |1 0 |2 udc |4 0 |6 REV150 |7 1 |9 63202 |a Arxiu |b Arxiu |d 2022-07-26 |h Any 3, núm. 1 (abril 1934) -- Any 3, núm. 2 (juliol 1934) |l 0 |o Rev-150 |p 13304 |r 2022-07-26 00:00:00 |w 2022-07-26 |y ARXIU | ||
| 952 | |0 0 |1 0 |2 udc |4 0 |7 1 |9 63203 |a Arxiu |b Arxiu |d 2022-07-26 |h Any 4, núm. 1 (febrer 1936) ; Supl. núm. 1-2 (març-abril 1936) |o Rev-151 |p 13305 |r 2022-07-26 00:00:00 |w 2022-07-26 |y ARXIU | ||
| 952 | |0 0 |1 0 |2 udc |4 0 |6 REV152 |7 1 |9 63204 |a Arxiu |b Arxiu |d 2022-07-26 |h Any 5, núm. 1 (febrer 1937) -- Any 5, núm. 2 (maig 1937) ; Supl. núm.1 (març 1937) -- Supl. núm. 2 (abril 1937) |l 0 |o Rev-152 |p 13306 |r 2022-07-26 00:00:00 |w 2022-07-26 |y ARXIU | ||
| 952 | |0 0 |1 0 |4 0 |7 1 |9 66192 |a Arxiu |b Arxiu |d 2023-04-26 |h Any 1, núm. 6 (juny 1932)-Any 5, núm. 2 (maig 1937) |o Rev-2117 |p 27896 |r 2023-04-26 00:00:00 |w 2023-04-26 |y ARXIU |z Duplicats | ||
| 999 | |c 58048 |d 58048 | ||
| 655 | |a Revistes |9 55823 | ||